000 00366nam a2200145 i 4500
001 bg
100 1 _aOLCHOVSKIJ, I. I.
245 0 _aKurs teoreticeskoj mechaniki dlja fizikov /
_cI.I. Olchovskij.
250 _aIzd.2 dopoln. i pererab.
260 _aMoskva,
_c1974.
040 _cBPK
041 _apol
942 _cKS
008 s pl f |000 0 pol
999 _c26392
_d26392
856 _uhttp://koha.tu.koszalin.pl/cgi-bin/koha/opac-detail.pl?biblionumber=26392
_yKatalog online BPK